| 000 | 00674cam a2200241 4500500 | ||
|---|---|---|---|
| 005 | 20260329003135.0 | ||
| 041 | _afre | ||
| 042 | _adc | ||
| 100 | 1 | 0 |
_aEltchaninoff, Michel _eauthor |
| 245 | 0 | 0 | _aParle avec eux |
| 260 | _c2014. | ||
| 500 | _a28 | ||
| 690 | _aCimetière | ||
| 690 | _aDeuil | ||
| 690 | _aFabrice Hadjadj | ||
| 690 | _aMaurice Godelier | ||
| 690 | _aMort | ||
| 690 | _aSophie Lacroix | ||
| 690 | _aTestament | ||
| 690 | _aVinciane Despret | ||
| 786 | 0 | _nPhilosophie magazine | 84 | 11 | 2014-11-01 | p. 33-35 | 1951-1787 | |
| 856 | 4 | 1 | _uhttps://shs.cairn.info/magazine-philosophie-magazine-2014-11-page-33?lang=fr&redirect-ssocas=7080 |
| 999 |
_c1821775 _d1821775 |
||